<?xml version="1.0" encoding="UTF-8"?>
<record
    xmlns:xsi="http://www.w3.org/2001/XMLSchema-instance"
    xsi:schemaLocation="http://www.loc.gov/MARC21/slim http://www.loc.gov/standards/marcxml/schema/MARC21slim.xsd"
    xmlns="http://www.loc.gov/MARC21/slim">

  <leader>03573cam a2200385 i 4500</leader>
  <controlfield tag="001">17767959</controlfield>
  <controlfield tag="003">SISC</controlfield>
  <controlfield tag="005">20160808164234.0</controlfield>
  <controlfield tag="008">130607s2013    nyu           000 0 eng  </controlfield>
  <datafield tag="010" ind1=" " ind2=" ">
    <subfield code="a">  2013021940</subfield>
  </datafield>
  <datafield tag="020" ind1=" " ind2=" ">
    <subfield code="a">9780071790154 (pbk.)</subfield>
  </datafield>
  <datafield tag="040" ind1=" " ind2=" ">
    <subfield code="a">DLC</subfield>
    <subfield code="b">eng</subfield>
    <subfield code="c">DLC</subfield>
    <subfield code="e">rda</subfield>
    <subfield code="d">DLC</subfield>
  </datafield>
  <datafield tag="042" ind1=" " ind2=" ">
    <subfield code="a">pcc</subfield>
  </datafield>
  <datafield tag="050" ind1="0" ind2="0">
    <subfield code="a">QA 76.585</subfield>
    <subfield code="b">.V46 2013</subfield>
  </datafield>
  <datafield tag="082" ind1="0" ind2="0">
    <subfield code="a">004.67/82</subfield>
  </datafield>
  <datafield tag="084" ind1=" " ind2=" ">
    <subfield code="a">COM030000</subfield>
    <subfield code="2">bisacsh</subfield>
  </datafield>
  <datafield tag="100" ind1="1" ind2=" ">
    <subfield code="a">Vengurlekar, Nitin.</subfield>
  </datafield>
  <datafield tag="245" ind1="1" ind2="0">
    <subfield code="a">Database cloud storage :</subfield>
    <subfield code="b">the essential guide to Oracle automatic storage management /</subfield>
    <subfield code="c">Nitin Vengurlekar, Prasad Bagal.</subfield>
  </datafield>
  <datafield tag="246" ind1="3" ind2="0">
    <subfield code="a">Essential guide to Oracle automatic storage management</subfield>
  </datafield>
  <datafield tag="250" ind1=" " ind2=" ">
    <subfield code="a">1st edition.</subfield>
  </datafield>
  <datafield tag="260" ind1=" " ind2=" ">
    <subfield code="a">NY :</subfield>
    <subfield code="b">McGraw Hill,</subfield>
    <subfield code="c">2013.</subfield>
  </datafield>
  <datafield tag="300" ind1=" " ind2=" ">
    <subfield code="a">xx, 392 pages ;</subfield>
    <subfield code="c">24 cm</subfield>
  </datafield>
  <datafield tag="500" ind1=" " ind2=" ">
    <subfield code="a">Includes index.</subfield>
  </datafield>
  <datafield tag="505" ind1="8" ind2=" ">
    <subfield code="a">Machine generated contents note: -- 1) Database Consolidation into Private Clouds -- 2) Oracle Database Cloud Strategy -- 3) ASM and Grid Infrastructure -- 4) ACFS Design and Deployment -- 5) ACFS Data Services -- 6) ASM Instance -- 7) ASM Disks and Diskgroups -- 8) ASMLIB Concepts and Overview -- 9) ASM Files, Aliases, and Security -- 10) ASM and Space Allocation -- 11) ASMLIB Concepts and Overview -- 12) ASM Operations -- 13) ASM Persistent Data Structures -- 14) ASM and Database integration -- 15) ASM Optimizations in Oracle Engineered Solutions -- 16) ASM optimization for Engineered Solutions (Exadata and ODA) -- 17) ACFS Data Services -- 18) ASM and 3rd Party Integration -- 19) ACSF Design and Deployment -- 20) ASM Tools and utilities.</subfield>
  </datafield>
  <datafield tag="520" ind1=" " ind2=" ">
    <subfield code="a">"A complete solutions guide to Oracle Automatic Storage Management (ASM) and overall cloud storage management. Oracle Cloud Storage Management contains the latest information on the inner-workings of Oracle ASM and Oracle's overall cloud storage management strategy. This Oracle Press guide explains how to build and manage a scalable cloud storage infrastructure with Oracle ASM. You'll learn how to configure cloud storage solutions, build disk groups, use data striping and mirroring, and optimize performance. Details on ensuring consistency across server and storage platforms, maximizing data redundancy, and administering Oracle ASM are also included.  Fully covers Oracle Exadata integration Offers a comprehensive understanding of why cloud storage management is critical to modern storage, and how to harness and integrate Oracle ASM Covers practical day-to-day usage, general operations, best practices, and tips &amp; techniques Written by members of the team who developed and managed Oracle ASM/cloud storage management "--</subfield>
  </datafield>
  <datafield tag="520" ind1=" " ind2=" ">
    <subfield code="a">"Build and manage a scalable, highly available cloud storage solution. Filled with detailed examples and best practices, this Oracle Press guide explains how to set up a complete cloud-based storage system using Oracle Automatic Storage Management. Find out how to prepare hardware, build disk groups, efficiently allocate storage space, and handle security. Database Cloud Storage: The Essential Guide to Oracle Automatic Storage Management shows how to monitor your system, maximize throughput, and ensure consistency across servers and clusters"--</subfield>
  </datafield>
  <datafield tag="630" ind1="0" ind2="0">
    <subfield code="a">Oracle (Computer file)</subfield>
  </datafield>
  <datafield tag="650" ind1=" " ind2="0">
    <subfield code="a">Cloud computing.</subfield>
  </datafield>
  <datafield tag="650" ind1=" " ind2="0">
    <subfield code="a">Database management.</subfield>
  </datafield>
  <datafield tag="650" ind1=" " ind2="7">
    <subfield code="a">COMPUTERS / System Administration / Storage &amp; Retrieval.</subfield>
    <subfield code="2">bisacsh</subfield>
  </datafield>
  <datafield tag="700" ind1="1" ind2=" ">
    <subfield code="a">Bagal, Prasad.</subfield>
  </datafield>
  <datafield tag="906" ind1=" " ind2=" ">
    <subfield code="a">7</subfield>
    <subfield code="b">cbc</subfield>
    <subfield code="c">orignew</subfield>
    <subfield code="d">1</subfield>
    <subfield code="e">ecip</subfield>
    <subfield code="f">20</subfield>
    <subfield code="g">y-gencatlg</subfield>
  </datafield>
  <datafield tag="942" ind1=" " ind2=" ">
    <subfield code="2">lcc</subfield>
    <subfield code="c">BK</subfield>
  </datafield>
  <datafield tag="999" ind1=" " ind2=" ">
    <subfield code="c">299975</subfield>
    <subfield code="d">299975</subfield>
  </datafield>
  <datafield tag="952" ind1=" " ind2=" ">
    <subfield code="0">0</subfield>
    <subfield code="1">0</subfield>
    <subfield code="2">lcc</subfield>
    <subfield code="4">0</subfield>
    <subfield code="a">CL</subfield>
    <subfield code="b">CL</subfield>
    <subfield code="c">GSL</subfield>
    <subfield code="d">2016-08-08</subfield>
    <subfield code="e">Library Fund</subfield>
    <subfield code="g">3090.00</subfield>
    <subfield code="l">0</subfield>
    <subfield code="o">QA 76.585 .V46 2013</subfield>
    <subfield code="p">C20653</subfield>
    <subfield code="r">2018-05-15 00:00:00</subfield>
    <subfield code="w">2016-08-08</subfield>
    <subfield code="y">BK</subfield>
  </datafield>
</record>
